000 00940nam a2200289Ia 4500
003 GCL
005 20240530102242.0
008 140319s9999 xx 000 0 ara d
040 _aGCL /
_cGCL
082 0 4 _aق
_b320.962
_bم ا
100 1 _aمصطفى الفقى
245 1 0 _aالاقباط فى السياسة المصرية: مكرم عبيد ودوره فى الحركة الوطنية /
_cمصطفى الفقى
260 _a[S.N] :
_bدار الهلال للطباعة والنشر ،
_c1991
300 _a161 ص
650 0 4 _aالعصر الحديث
650 0 4 _aمصر
650 0 4 _aتاريخ
650 0 4 _aالاحوال السياسية
650 0 4 _aالحقوق السياسية
650 0 4 _aالسياسة
650 0 4 _aالمسيحيون المصريون
650 0 4 _aالاقليات
650 0 4 _aالاقباط
650 0 4 _aالمسيحيون
650 0 4 _aمكرم عبيد
942 _2ddc
_cBK
999 _c30912
_d30912